| 000 | 01359nam a2200349 i 4500 | ||
|---|---|---|---|
| 003 | DO-SdBNP | ||
| 005 | 20260302104244.0 | ||
| 007 | ta | ||
| 008 | 220825e1995 dr a|||| |||| 001 f spa d | ||
| 020 | _a9500814463 | ||
| 040 |
_aDO-SdBNP _bspa _cBNPHU _erda |
||
| 082 | 4 |
_aRD863.44 _bA473t _222 |
|
| 100 | 1 |
_aÁlvarez, Julia, _d1950- _eautor _4aut. _95624 |
|
| 240 | 0 | _aIn the time of the butterflies | |
| 245 | 1 | 0 |
_aEn el tiempo de las mariposas / _cJulia Álvarez ; traducción, Rolando Costa Picazo |
| 264 | 4 |
_aBuenos Aires, Argentina : _bEditora Atlantida, _c@1995. |
|
| 300 |
_a317 páginas : _bIlustraciones ; _c20 cm. |
||
| 336 |
_atexto _btxt _2rdacontent |
||
| 337 |
_asin mediación _bn _2rdamedia |
||
| 338 |
_avolumen _bnc _2rdacarrier |
||
| 500 | _aBest - Seller Nacional. | ||
| 586 | _aNominado en 1995 para el Nacional Book Critics Circle A.W. ARD | ||
| 586 | _aDistinguido como el libro notable del año (Notable book of the year) 1995 en Estados Unidos | ||
| 590 | _aInventariado, 2024/BT | ||
| 650 | 4 |
_aNovela dominicana _929128 |
|
| 650 | 4 | _aLiteratura dominicana | |
| 650 | 4 |
_aNovela histórica dominicana. _9860 |
|
| 651 | 4 |
_aRepública Dominicana _y1930-1960 _xEra de Trujillo _vNovela _982253 |
|
| 700 | 1 |
_aCosta Picazo, Rolando, _etraductor _4tr. _927380 |
|
| 910 | _aBtavárez/Validado. Control de calidad MFF | ||
| 942 |
_2ddc _cLBS1 |
||
| 999 |
_c52322 _d52322 |
||